|
|
|
|
| LEADER |
01074nam a2200253 a 4500 |
| 001 |
3564255 |
| 008 |
111011s1999 dcua b 001 0 eng |
| 010 |
|
|
|a 98088656
|
| 020 |
|
|
|a 0935989900
|
| 040 |
|
|
|a DLC
|c DLC
|d DLC
|d BD-DhAAL
|
| 082 |
0 |
0 |
|a 372.4
|2 21
|
| 100 |
1 |
|
|a Schickedanz, Judith A.,
|d 1944-
|
| 245 |
1 |
0 |
|a Much more than the ABCs :
|b the early stages of reading and writing /
|c Judith A. Schickedanz.
|
| 260 |
|
|
|a Washington, DC :
|b National Association for the Education of Young Children,
|c 1999.
|
| 300 |
|
|
|a xii, 164 p. :
|b ill. ;
|c 23 cm.
|
| 500 |
|
|
|a "A 1999 NAEYC comprehensive membership benefit."
|
| 504 |
|
|
|a Includes bibliographical references and indexes.
|
| 541 |
|
|
|e 00023634
|
| 650 |
|
0 |
|a Reading (Preschool)
|
| 650 |
|
0 |
|a Language arts (Preschool)
|
| 710 |
2 |
|
|a National Association for the Education of Young Children.
|
| 852 |
1 |
|
|a Ayesha Abed Library
|c General shelf.
|
| 999 |
|
|
|c 11310
|d 11310
|
| 952 |
|
|
|0 0
|1 0
|2 ddc
|4 0
|6 372_400000000000000_SCH
|7 0
|9 18372
|a BRACUL
|b BRACUL
|c GEN
|d 2011-10-11
|e IED, BU
|l 0
|o 372.4 SCH
|p 3010023634
|r 2011-10-11
|t 1
|w 2011-10-11
|y BK
|